|
|
|
|
| LEADER |
04111nam a2200529 4500 |
| 001 |
978-3-319-78202-7 |
| 003 |
DE-He213 |
| 005 |
20191220131245.0 |
| 007 |
cr nn 008mamaa |
| 008 |
180530s2018 gw | s |||| 0|eng d |
| 020 |
|
|
|a 9783319782027
|9 978-3-319-78202-7
|
| 024 |
7 |
|
|a 10.1007/978-3-319-78202-7
|2 doi
|
| 040 |
|
|
|d GrThAP
|
| 050 |
|
4 |
|a RC434.2-574
|
| 072 |
|
7 |
|a MMH
|2 bicssc
|
| 072 |
|
7 |
|a MED105000
|2 bisacsh
|
| 072 |
|
7 |
|a MKL
|2 thema
|
| 082 |
0 |
4 |
|a 616.89
|2 23
|
| 245 |
1 |
0 |
|a Dimensional Psychopathology
|h [electronic resource] /
|c edited by Massimo Biondi, Massimo Pasquini, Angelo Picardi.
|
| 250 |
|
|
|a 1st ed. 2018.
|
| 264 |
|
1 |
|a Cham :
|b Springer International Publishing :
|b Imprint: Springer,
|c 2018.
|
| 300 |
|
|
|a XIII, 300 p. 50 illus., 25 illus. in color.
|b online resource.
|
| 336 |
|
|
|a text
|b txt
|2 rdacontent
|
| 337 |
|
|
|a computer
|b c
|2 rdamedia
|
| 338 |
|
|
|a online resource
|b cr
|2 rdacarrier
|
| 347 |
|
|
|a text file
|b PDF
|2 rda
|
| 505 |
0 |
|
|a Foreword -- Preface -- The Rapid Dimensional Assessment Scale (RADAS): development and applications in research -- Dimensional assessment with RADAS in clinical practice -- The Fear/Apprehension and Somatization/Somatic Preoccupation dimensions (psychic and somatic anxiety dimensions) -- The Reality Distortion and Thought Disorganization dimensions -- Violence and compulsory treatment in the psychiatric setting -- The Sadness, Demoralization and Apathy dimensions -- The "outer dimensions" Activation, Impulsivity, Anger/Aggressiveness -- The Obsessive-compulsive dimension -- Psychopathological dimensions and the clinician's subjective experience: a quantitative analysis -- The temporality dimension. .
|
| 520 |
|
|
|a This book presents an innovative approach to clinical assessment in psychiatry based on a number of psychopathological dimensions with a presumed underlying pathophysiology, that are related to fundamental phenomenological aspects and lie on a continuum from normality to pathology. It is described how the evaluation of these dimensions with a specific, validated rapid assessment instrument could easily integrate and enrich the classical diagnostic DSM-5 or ICD-10 assessment. The supplemental use of this dimensional approach can better capture the complexity underlying current categories of mental illness. The findings from a large patient sample suggest how this assessment could give a first glance at how variable and multifaceted the psychopathological components within a single diagnostic category can be, and thereby optimise diagnosis and treatment choices. Being short and easy to complete, this dimensional assessment can be done in a busy clinical setting, during an ordinary psychiatric visit, and in an acute clinical context, with limited effort by a minimally trained clinician. Therefore, it provides interesting and useful information without additional costs, and allows research work to be performed even in difficult settings.
|
| 650 |
|
0 |
|a Psychiatry.
|
| 650 |
|
0 |
|a Psychotherapy .
|
| 650 |
|
0 |
|a Neurosciences.
|
| 650 |
|
0 |
|a Psychology.
|
| 650 |
1 |
4 |
|a Psychiatry.
|0 http://scigraph.springernature.com/things/product-market-codes/H53003
|
| 650 |
2 |
4 |
|a Psychotherapy.
|0 http://scigraph.springernature.com/things/product-market-codes/H5400X
|
| 650 |
2 |
4 |
|a Neurosciences.
|0 http://scigraph.springernature.com/things/product-market-codes/B18006
|
| 650 |
2 |
4 |
|a Psychology, general.
|0 http://scigraph.springernature.com/things/product-market-codes/Y00007
|
| 700 |
1 |
|
|a Biondi, Massimo.
|e editor.
|4 edt
|4 http://id.loc.gov/vocabulary/relators/edt
|
| 700 |
1 |
|
|a Pasquini, Massimo.
|e editor.
|4 edt
|4 http://id.loc.gov/vocabulary/relators/edt
|
| 700 |
1 |
|
|a Picardi, Angelo.
|e editor.
|4 edt
|4 http://id.loc.gov/vocabulary/relators/edt
|
| 710 |
2 |
|
|a SpringerLink (Online service)
|
| 773 |
0 |
|
|t Springer eBooks
|
| 776 |
0 |
8 |
|i Printed edition:
|z 9783319782010
|
| 776 |
0 |
8 |
|i Printed edition:
|z 9783319782034
|
| 776 |
0 |
8 |
|i Printed edition:
|z 9783030086404
|
| 856 |
4 |
0 |
|u https://doi.org/10.1007/978-3-319-78202-7
|z Full Text via HEAL-Link
|
| 912 |
|
|
|a ZDB-2-SME
|
| 950 |
|
|
|a Medicine (Springer-11650)
|